Weird Geography Facts: True or False (Part 4) - Statistics

General Stats
  • This quiz has been taken 221 times
    217 since last reset
  • The average score is 6 of 8
Answer Stats
Question Answer % Correct
Cairo, Egypt is at the same latitude as parts of Florida True
88%
The Matterhorn is the largest mountain in Europe False
82%
Holland and the Netherlands are interchangable False
76%
The Eiffel tower is taller in the summer than it is in the winter True
76%
Texas is farther south than Florida False
71%
The Capital of Jordan: Amman, used to be called Philadelphia True
59%
The biggest pyramid is in Mexico True
59%
There is a point where four countries meet False
41%
No matching quizzes found
Score Distribution
Percent of People with Each Score
Percentile by Number Answered
Your Score History
You have not taken this quiz since the last reset